00190nam a2200073Ia 4500008004100000082001400041245004100055300002000096230907s9999||||xx |||||||||||||| ||und|| a1.42bRES 0aResearch methods for postgraduates / axx, 496 pages :